How you can build a fortune investing in residential real estate

Bibliographic Details
Main Author: Armen, Gil
Format: Book
Published: New Jersey : Prentice Hall Incorporation , 1983
Subjects:

MARC

LEADER 00000cam a2200000 7i4500
001 0000007833
005 20161109.0
020 |a 0134441257 
040 |a INS 
090 0 0 |a HD1382.5   |b A75 1983 
100 0 |a Armen, Gil 
245 0 0 |a How you can build a fortune investing in residential real estate   |c Gil Armen 
260 |a New Jersey :   |b Prentice Hall Incorporation ,   |c 1983 
300 |a 303p ;   |c 23 cm. 
500 |a Includes index 
650 0 0 |a House buying 
650 0 0 |a House selling 
650 0 0 |a Real estate investment 
999 |a 0000023402   |b BOOK   |c Open Shelf   |e Default branch